Psychológia v reklame diplomová práca

Salvato in:
Dettagli Bibliografici
Autore principale: Gondová, Veronika
Ente Autore: Obchodná fakulta EU. Katedra marketingu
Altri autori: Chebeň, Juraj
Natura: Libro
Lingua:slovacco
Pubblicazione: Bratislava 2010
Tags: Aggiungi Tag
Nessun Tag, puoi essere il primo ad aggiungerne!!

MARC

LEADER 00000nam$a2200000$$$4500
001 0121474
005 20240318123307.2
041 0 |a slo 
044 |a SK 
245 1 0 |a Psychológia v reklame  |b diplomová práca  |c Veronika Gondová ; škol. Juraj Chebeň 
264 1 |a Bratislava  |c 2010 
300 |a 96 s. 
100 1 |a Gondová, Veronika 
700 1 |a Chebeň, Juraj 
710 2 |a Obchodná fakulta EU. Katedra marketingu